[Event "Chinese League Div-A Final-KO 2023"]
[Site "Xiongan"]
[Date "2023.12.07"]
[Round "6.4"]
[White "Wang, Chuqiao"]
[Black "Zhao, Xue"]
[Result "1/2-1/2"]
[WhiteElo "2215"]
[BlackElo "2450"]
[Annotator "RC"]
[PlyCount "63"]
[EventDate "2023.12.02"]
[EventCountry "CHN"]
[SourceTitle "playchess.com"]
[Source "ChessBase"]
[SourceQuality "1"]

1. d4 {[%emt 0:00:04]} Nf6 {[%emt 0:00:07]} 2. c4 {[%emt 0:00:16]} e6 {[%emt 0:00:10]} 3. Nf3 {[%emt 0:00:10]} b6 {[%emt 0:00:08]} 4. g3 {[%emt 0:00:08]} Ba6 {[%emt 0:00:15]} 5. b3 {[%emt 0:00:17]} Be7 {[%emt 0:01:10]} 6. Bg2 {[%emt 0:00:21]} d5 {[%emt 0:00:07]} 7. Ne5 {[%emt 0:04:04]} Bb7 {[%emt 0:01:04]} 8. O-O {[%emt 0:00:51]} O-O {[%emt 0:01:02]} 9. Nc3 {[%emt 0:02:06]} Re8 {[%emt 0:01:30]} 10. Bb2 {[%emt 0:04:35]} Na6 {[%emt 0:01:29]} 11. Rc1 {[%emt 0:03:06]} c5 {[%emt 0:01:04]} 12. cxd5 {[%emt 0:08:10]} exd5 {[%emt 0:01:09]} 13. Nd3 {[%emt 0:03:12]} Ne4 {[%emt 0:14:26]} 14. dxc5 {[%emt 0:07:01]} Naxc5 {[%emt 0:00:58]} 15. Nxc5 {[%emt 0:04:12]} Bxc5 {[%emt 0:00:23]} 16. Na4 {[%emt 0:01:17]} Bd6 {[%emt 0:08:07]} 17. Qd3 {[%emt 0:07:49]} Qe7 {[%emt 0:03:47]} 18. Nc3 {[%emt 0:05:51]} Be5 {[%emt 0:01:58]} 19. Rc2 {[%emt 0:05:00]} Nxc3 {[%emt 0:22:23]} 20. Bxc3 {[%emt 0:00:07]} Bxc3 {[%emt 0:00:05]} 21. Rxc3 {[%emt 0:01:52]} Qxe2 {[%emt 0:04:26]} 22. Bxd5 {[%emt 0:00:24]} Bxd5 {[%emt 0:01:39]} 23. Qxd5 {[%emt 0:00:06]} Rad8 {[%emt 0:00:09]} 24. Qf3 {[%emt 0:06:24]} g6 {[%emt 0:02:58]} 25. a4 {[%emt 0:00:53]} Rd7 {[%emt 0:06:36]} 26. Rfc1 {[%emt 0:00:33]} Qxf3 {[%emt 0:01:28]} 27. Rxf3 {[%emt 0:00:04]} Red8 {[%emt 0:00:17]} 28. Kg2 {[%emt 0:02:27]} Rd3 {[%emt 0:02:56]} 29. Rc7 {[%emt 0:00:27]} Rxf3 {[%emt 0:06:14]} 30. Kxf3 {[%emt 0:00:02]} Rd3+ {[%emt 0:00:31]} 31. Ke2 {[%emt 0:00:05]} Rxb3 {[%emt 0:00:06]} 32. Rxa7 {[%emt 0:00:05]} 1/2-1/2

[Event "Chinese League Div-A Final-KO 2023"]
[Site "Xiongan"]
[Date "2023.12.07"]
[Round "6.5"]
[White "Zhai, Mo"]
[Black "Huang, Qian"]
[Result "1/2-1/2"]
[WhiteElo "2339"]
[BlackElo "2410"]
[Annotator "RC"]
[PlyCount "65"]
[EventDate "2023.12.02"]
[EventCountry "CHN"]
[SourceTitle "playchess.com"]
[Source "ChessBase"]
[SourceQuality "1"]

1. d4 {[%emt 0:00:14]} d5 {[%emt 0:04:53]} 2. c4 {[%emt 0:00:12]} c6 {[%emt 0:00:06]} 3. Nf3 {[%emt 0:00:16]} Nf6 {[%emt 0:00:06]} 4. Nc3 {[%emt 0:00:51]} a6 {[%emt 0:01:11]} 5. e3 {[%emt 0:01:58]} e6 {[%emt 0:00:31]} 6. c5 {[%emt 0:00:58]} b6 {[%emt 0:01:53]} 7. cxb6 {[%emt 0:00:28]} Nbd7 {[%emt 0:00:10]} 8. Bd3 {[%emt 0:00:29]} Qxb6 {[%emt 0:01:19]} 9. Na4 {[%emt 0:00:58]} Qa7 {[%emt 0:03:15]} 10. O-O {[%emt 0:02:09]} a5 {[%emt 0:06:53]} 11. b3 {[%emt 0:04:58]} Ba6 {[%emt 0:03:33]} 12. Bb2 {[%emt 0:00:20]} Bb4 {[%emt 0:08:25]} 13. Rc1 {[%emt 0:12:46]} Qb7 {[%emt 0:11:29]} 14. Qc2 {[%emt 0:08:31]} Rc8 {[%emt 0:04:32]} 15. Qe2 {[%emt 0:12:35]} Bxd3 {[%emt 0:00:54]} 16. Qxd3 {[%emt 0:00:02]} O-O {[%emt 0:00:18]} 17. Rc2 {[%emt 0:00:24]} Qb5 {[%emt 0:07:40]} 18. Qe2 {[%emt 0:04:25]} Nb6 {[%emt 0:20:51]} 19. Nxb6 {[%emt 0:16:46]} Qxb6 {[%emt 0:00:04]} 20. Rfc1 {[%emt 0:00:27]} Bd6 {[%emt 0:03:42]} 21. Ne1 {[%emt 0:03:13]} Rc7 {[%emt 0:03:05]} 22. Nd3 {[%emt 0:00:32]} Ra8 {[%emt 0:01:33]} 23. Nc5 {[%emt 0:02:03]} Bxc5 {[%emt 0:05:21]} 24. dxc5 {[%emt 0:02:10]} Qa6 {[%emt 0:00:24]} 25. Qf3 {[%emt 0:00:16]} Ne8 {[%emt 0:00:21]} 26. e4 {[%emt 0:00:33]} dxe4 {[%emt 0:04:32]} 27. Qxe4 {[%emt 0:03:28]} Rd7 {[%emt 0:00:02]} 28. h3 {[%emt 0:12:23]} a4 {[%emt 0:01:03]} 29. Rc4 {[%emt 0:03:29]} axb3 {[%emt 0:00:07]} 30. axb3 {[%emt 0:00:04]} Rad8 {[%emt 0:00:29]} 31. Be5 {[%emt 0:04:25]} Rd5 {[%emt 0:00:57]} 32. Bb2 {[%emt 0:01:51]} Qb7 {[%emt 0:00:43]} 33. b4 {[%emt 0:00:29]} 1/2-1/2

[Event "Chinese League Div-A Final-KO 2023"]
[Site "Xiongan"]
[Date "2023.12.07"]
[Round "6.6"]
[White "Wang, Yue"]
[Black "Wang, Hao"]
[Result "1/2-1/2"]
[WhiteElo "2659"]
[BlackElo "2694"]
[Annotator "TA"]
[PlyCount "77"]
[EventDate "2023.12.02"]
[EventCountry "CHN"]
[SourceTitle "playchess.com"]
[Source "ChessBase"]
[SourceQuality "1"]

{[%evp 18,77,16,12,14,17,14,16,13,12,12,14,22,10,15,7,8,14,12,12,10,6,6,7,8,4,7,2,8,7,10,10,13,6,9,8,14,0,0,0,0,-1,0,0,0,0,0,0,0,0,0,0,0,0,0,0,0,0,0,0,0,0]} 1. e4 {[%emt 0:00:05]} e5 {[%emt 0:00:10]} 2. Nf3 {[%emt 0:00:13]} Nc6 {[%emt 0:00:11]} 3. Bb5 {[%emt 0:00:22]} Nf6 {[%emt 0:00:24]} 4. O-O {[%emt 0:00:35][%cal Bh1f1,Bf1e1,Be1e5][%mdl 32]} Nxe4 {[%emt 0:00:14]} 5. Re1 {[%emt 0:00:07]} Nd6 {[%emt 0:00:11]} 6. Nxe5 {[%emt 0:00:10]} Be7 {[%emt 0:00:36]} 7. Bf1 {[%emt 0:00:08]} Nxe5 {[%emt 0:00:13]} 8. Rxe5 {[%emt 0:00:09]} O-O {[%emt 0:00:12]} 9. d4 {[%emt 0:01:06]} Bf6 {[%emt 0:01:20]} 10. Re1 {[%emt 0:01:15] The position is equal.} Re8 {[%emt 0:00:58] 10...Re8 scores better than 10...Nf5. C67: Ruy Lopez: Berlin Defence: 4 0-0 Nxe4.} 11. Bf4 {[%emt 0:02:46]} Rxe1 {[%emt 0:01:44]} 12. Qxe1 {[%emt 0:00:06]} Ne8 {[%emt 0:00:07]} 13. c3 {[%emt 0:00:51]} d5 {[%emt 0:00:13]} 14. Nd2 {[%emt 0:00:21]} Bf5 {[%emt 0:01:17]} 15. Qe3 {[%emt 0:02:49]} Nd6 {[%emt 0:04:49]} 16. Qg3 {[%emt 0:03:07]} Bh4 {[%emt 0:04:15]} 17. Qf3 {[%emt 0:01:41]} Bg5 {[%emt 0:00:22]} 18. Bxd6 {[%emt 0:01:37][%mdl 64] [#] Discovered Attack} Qxd6 {[%emt 0:00:07]} 19. Qxf5 {[%emt 0:00:04]} Bxd2 {[%emt 0:00:09]} 20. g3 {[%emt 0:00:13]} g6 {[%emt 0:00:16]} 21. Qd3 {[%emt 0:00:15]} Bh6 {[%emt 0:00:17][%cal Bd2h6,Bh6f8,Bf8e7][%mdl 32]} 22. Re1 {[%emt 0:00:25]} c6 {[%emt 0:00:14]} 23. h4 {[%emt 0:00:26][%cal Bh2h4,Bh4h5][%mdl 32] [#]} Rd8 $146 {[%emt 0:01:40] [#]} ({Predecessor:} 23... Qd7 24. Qe2 Kf8 25. Qe5 {½-½ Rossbottom,T (2214)-Kaczmarek,R (2270) W-ch WS/M/891 email 2023}) 24. h5 $1 {[%emt 0:01:36]} Rd7 {[%emt 0:00:26]} 25. Re8+ {[%emt 0:00:41]} Bf8 {[%emt 0:00:23]} 26. Qd2 {[%emt 0:00:21]} Rd8 {[%emt 0:00:20]} 27. Rxd8 {[%emt 0:00:33]} Qxd8 {[%emt 0:00:07]} 28. hxg6 {[%emt 0:00:02]} hxg6 $11 {[%emt 0:00:12][%mdl 4096] Endgame KQB-KQB} 29. Qe3 {[%emt 0:00:24]} Qe7 {[%emt 0:00:23]} 30. Qxe7 {[%emt 0:00:06]} Bxe7 {[%emt 0:00:05] KB-KB} 31. a4 {[%emt 0:00:06]} a5 {[%emt 0:00:22]} 32. f4 {[%emt 0:00:09]} f5 {[%emt 0:00:12]} 33. Kg2 {[%emt 0:00:04]} Kf7 {[%emt 0:00:05]} 34. Kf3 {[%emt 0:00:06]} Ke6 {[%emt 0:00:06]} 35. Bd3 {[%emt 0:00:07]} Bf6 {[%emt 0:00:10]} 36. Bc2 {[%emt 0:00:05]} Bg7 {[%emt 0:00:04]} 37. Bd3 {[%emt 0:00:05]} Bf6 {[%emt 0:00:05]} 38. Bc2 {[%emt 0:00:04]} Bg7 {[%emt 0:00:08]} 39. Bd3 {[%emt 0:00:16] Not much happened in this game.   Weighted Error Value: White=0.02 (flawless) /Black=0.01 (flawless)} 1/2-1/2

[Event "Chinese League Div-A Final-KO 2023"]
[Site "Xiongan"]
[Date "2023.12.07"]
[Round "6.7"]
[White "Zhou, Weiqi"]
[Black "Dai, Changren"]
[Result "1-0"]
[WhiteElo "2593"]
[BlackElo "2491"]
[Annotator "TA"]
[PlyCount "229"]
[EventDate "2023.12.02"]
[EventCountry "CHN"]
[SourceTitle "playchess.com"]
[Source "ChessBase"]
[SourceQuality "1"]

{[%evp 46,229,95,95,206,195,193,190,199,205,217,164,216,49,51,51,64,33,24,20,25,24,52,52,57,57,57,57,68,68,86,86,86,86,86,86,88,86,108,86,86,86,86,80,91,91,129,91,91,89,91,91,91,72,72,0,95,67,102,95,171,165,148,156,166,175,215,148,148,148,148,148,148,0,148,148,148,148,180,106,135,0,163,156,300,300,292,270,281,148,148,148,148,148,154,148,148,148,148,148,148,148,259,148,148,147,147,147,147,140,132,126,125,118,150,151,146,118,134,133,119,118,252,118,110,110,252,245,245,139,245,0,245,125,245,245,238,224,203,164,146,104,110,110,110,110,111,84,78,71,71,71,71,43,71,71,71,71,71,0,75,71,71,71,71,0,0,0,0,0,281,224,12839,12839,12840,12840,12841,12840,12841,12841,12842,12843,12844,12844,12845,12844]} 1. d4 {[%emt 0:00:02]} d5 {[%emt 0:00:05]} 2. c4 {[%emt 0:00:05]} c6 {[%emt 0:00:03]} 3. Nc3 {[%emt 0:01:01]} Nf6 {[%emt 0:00:05]} 4. cxd5 {[%emt 0:00:38]} cxd5 {[%emt 0:00:09]} 5. Bf4 {[%emt 0:00:04]} Nc6 {[%emt 0:00:13]} 6. e3 {[%emt 0:00:05]} Bf5 {[%emt 0:00:04]} 7. Nf3 {[%emt 0:08:18]} e6 {[%emt 0:00:19]} 8. Qb3 {[%emt 0:00:16]} Bb4 {[%emt 0:00:06]} 9. Bb5 {[%emt 0:00:05]} O-O {[%emt 0:00:38]} 10. Bxc6 {[%emt 0:00:24]} Bxc3+ {[%emt 0:00:06]} 11. Qxc3 {[%emt 0:00:05]} Rc8 {[%emt 0:00:06]} 12. Ne5 {[%emt 0:00:06]} Ng4 {[%emt 0:00:26]} 13. Nxg4 {[%emt 0:00:15]} Bxg4 {[%emt 0:00:13]} 14. Qb4 {[%emt 0:00:21]} Rxc6 {[%emt 0:00:21]} 15. Qxb7 {[%emt 0:00:05]} Qc8 {[%emt 0:00:56]} 16. Qxc8 {[%emt 0:00:07]} Rfxc8 17. O-O {[%emt 0:00:57]} Rc2 {[%emt 0:00:48]} 18. b4 {[%emt 0:02:40]} Bf5 {[%emt 0:00:23]} 19. Bd6 {[%emt 0:07:01]} R8c3 {[%emt 0:05:51]} 20. a4 {[%emt 0:01:01]} Bd3 {[%emt 0:14:21]} 21. Rfd1 {[%emt 0:02:13]} a6 {[%emt 0:05:03]} 22. b5 {[%emt 0:03:16]} Rb2 {[%emt 0:10:14]} 23. Ba3 {[%emt 0:05:01]} Rbb3 {[%emt 0:08:40]} 24. Bc5 {[%emt 0:00:48]} Rb2 {[%emt 0:04:15]} (24... Bc4 $16) 25. h3 $18 {[%emt 0:01:59]} Bc4 {[%emt 0:19:53]} 26. Rdb1 {[%emt 0:20:30]} Rcb3 {[%emt 0:00:25]} 27. Rc1 $1 {[%emt 0:00:21]} (27. Rxb2 $6 Rxb2 28. g4 f6 $16) 27... g5 {[%emt 0:09:05]} 28. Ba3 {[%emt 0:00:19]} Rd2 {[%emt 0:00:06]} (28... Re2 $142) 29. Rcb1 $2 {[%emt 0:00:08]} (29. bxa6 $18 {Threatens to win with a7.} Bxa6 30. Rc6) 29... Ra2 $1 $14 {[%emt 0:01:23]} 30. bxa6 $1 {[%emt 0:19:47]} Bxa6 {[%emt 0:05:27]} (30... Raxa3 $2 31. a7 Rxb1+ 32. Rxb1 Rxa4 33. Rb8+ Kg7 34. a8=Q (34. a8=B Ra6 $17) 34... Rxa8 35. Rxa8 $18) (30... Rbxa3 $2 31. Rxa2 Rxa2 32. a7 Rxa4 33. Rb8+ Kg7 34. a8=Q (34. a8=B Ra1+ 35. Kh2 Ra2 $15) 34... Rxa8 35. Rxa8 $18) 31. Be7 {[%emt 0:01:47]} (31. Rxa2 $5 {[%cal Rb1b3]} Rxb1+ 32. Kh2 $14) 31... Rxb1+ {[%emt 0:04:17]} 32. Rxb1 {[%emt 0:00:09]} h6 $1 {[%emt 0:00:06]} 33. Rb4 {[%emt 0:09:24]} Kg7 {[%emt 0:00:14]} 34. h4 {[%emt 0:02:23]} gxh4 {[%emt 0:03:23]} 35. Bxh4 {[%emt 0:00:15]} Bd3 {[%emt 0:01:33]} 36. Bd8 $1 {[%emt 0:00:16]} h5 {[%emt 0:00:36]} 37. a5 {[%emt 0:00:50]} Kg6 {[%emt 0:02:05]} 38. Rb3 {[%emt 0:00:43]} Bc4 {[%emt 0:00:40]} 39. Rb8 {[%emt 0:00:43]} Kg7 {[%emt 0:02:51]} 40. Ra8 {[%emt 0:00:46]} Kg6 {[%emt 0:02:13]} 41. Bh4 {[%emt 0:01:33]} Kf5 {[%emt 0:08:37]} 42. Ra7 {[%emt 0:06:42]} Kg6 {[%emt 0:00:15]} 43. Kh2 {[%emt 0:00:09]} Bf1 {[%emt 0:00:49]} 44. Ra8 {[%emt 0:00:36]} Ra4 {[%emt 0:01:59]} 45. Be7 {[%emt 0:02:50]} Kf5 {[%emt 0:03:50]} 46. Kg1 {[%emt 0:06:49]} Ra1 {[%emt 0:02:00]} 47. f3 {[%emt 0:02:20]} Kg6 {[%emt 0:02:10]} 48. Kf2 {[%emt 0:02:24]} Kg7 {[%emt 0:00:53]} 49. Bf8+ {[%emt 0:00:07]} Kg6 {[%emt 0:01:43]} 50. Be7 {[%emt 0:02:53]} Kg7 $1 {[%emt 0:00:15]} 51. e4 {[%emt 0:06:26]} f6 {[%emt 0:01:58]} 52. Ra7 {[%emt 0:01:57]} Bc4 {[%emt 0:02:24]} (52... Kg6 $16) 53. e5 $18 {[%emt 0:01:20]} fxe5 {[%emt 0:01:11]} 54. Bd6+ {[%emt 0:00:23]} ({Resist} 54. dxe5 Ra2+ 55. Ke3 Rxg2 $16) 54... Kh6 {[%emt 0:00:33]} 55. Bxe5 {[%emt 0:02:23]} Ra2+ {[%emt 0:00:44]} 56. Kg1 {[%emt 0:00:05]} Bd3 {[%emt 0:00:58]} 57. Ra8 {[%emt 0:01:01]} Kg6 {[%emt 0:02:45]} 58. Rg8+ {[%emt 0:00:35]} Kh7 {[%emt 0:00:04]} 59. Ra8 {[%emt 0:02:35]} Kg6 {[%emt 0:00:24]} 60. Kh2 {[%emt 0:00:22]} Bf1 {[%emt 0:01:27]} 61. Rg8+ {[%emt 0:00:05]} Kh7 {[%emt 0:00:34]} 62. Rh8+ {[%emt 0:01:53]} Kg6 {[%emt 0:00:01]} 63. Rg8+ {[%emt 0:00:02]} Kh7 $1 {[%emt 0:00:07]} 64. Rg5 {[%emt 0:00:35]} Rxa5 {[%emt 0:00:30]} (64... Kh6 $16 65. Bf4 Kh7) 65. Rxh5+ $18 {[%emt 0:00:11]} Kg6 {[%emt 0:00:03]} 66. Rh8 {[%emt 0:00:58]} Ra2 {[%emt 0:00:10]} 67. Rg8+ {[%emt 0:00:15]} (67. Kg1 $1 $18 {[%cal Rg1f1]} Bb5 68. Rb8) 67... Kf7 $16 {[%emt 0:01:48]} 68. Rg4 {[%emt 0:00:06]} Rc2 {[%emt 0:00:41]} 69. Kg1 {[%emt 0:00:06]} Bd3 {[%emt 0:00:07]} 70. Rf4+ {[%emt 0:00:01]} Ke7 {[%emt 0:01:06]} 71. Bf6+ {[%emt 0:00:04]} Kf7 {[%emt 0:00:19]} 72. Bh4+ {[%emt 0:00:25]} Kg7 {[%emt 0:00:40]} 73. Be7 {[%emt 0:00:12]} Bf5 {[%emt 0:01:03]} (73... Rc7 $16) 74. Bd6 {[%emt 0:01:00]} (74. g4 $1 $18 {[%cal Rg4f5]} Bd3 75. Bd6) 74... Rc1+ {[%emt 0:01:26]} 75. Kh2 {[%emt 0:00:16]} Rc2 {[%emt 0:00:04]} 76. Rh4 {[%emt 0:00:11]} Kf7 {[%emt 0:00:19]} 77. Kg3 {[%emt 0:00:15]} Bd3 {[%emt 0:00:32]} 78. Rh1 {[%emt 0:00:04]} Kg6 {[%emt 0:00:48]} 79. Re1 {[%emt 0:00:33]} Kf5 {[%emt 0:01:56]} 80. Be5 {[%emt 0:01:21]} Ra2 {[%emt 0:00:24]} 81. Rd1 {[%emt 0:00:06]} Bc4 {[%emt 0:00:34]} 82. Rh1 {[%emt 0:00:15]} Kg6 {[%emt 0:00:11]} 83. Rg1 {[%emt 0:00:15]} Kg5 {[%emt 0:00:58]} (83... Kf7 $16 {keeps fighting.} 84. Kf4 Rf2) 84. Bd6 {[%emt 0:00:26]} (84. Rb1 $1 $18 {is the precise move to win.}) 84... Rb2 {[%emt 0:00:26]} 85. Re1 {[%emt 0:00:39]} Re2 {[%emt 0:00:22]} (85... Kf6 $16 86. Bc7 Ke7) 86. Rb1 $1 $18 {[%emt 0:00:34]} Rc2 {[%emt 0:00:13]} 87. Kh3 {[%emt 0:00:25]} (87. Be5 $1 $18) 87... Rf2 {[%emt 0:00:59]} (87... Kg6 $16 88. Be5 Bd3) 88. Kg3 {[%emt 0:01:17]} Rc2 $1 {[%emt 0:00:06] [#]} 89. Bf4+ {[%emt 0:00:15]} ({White has to play} 89. Be5 $1 $18) 89... Kf5 {[%emt 0:00:13] [#]} (89... Kg6 $16 {is a better defense.} 90. Be5 Bd3) 90. Be5 $1 $18 {[%emt 0:00:37]} Kg5 {[%emt 0:00:31]} 91. Kh3 {[%emt 0:02:06]} Be2 {[%emt 0:00:51]} 92. Rg1 {[%emt 0:03:22]} Rb2 {[%emt 0:00:39]} 93. Bd6 {[%emt 0:01:39]} Rd2 {[%emt 0:00:35]} 94. Re1 {[%emt 0:00:17]} Kg6 {[%emt 0:01:54]} 95. Bf4 {[%emt 0:00:51]} Rc2 {[%emt 0:00:02]} 96. Kg4 {[%emt 0:00:11]} Bd3 {[%emt 0:00:15]} 97. Rg1 {[%emt 0:01:56]} Rb2 {[%emt 0:00:20]} 98. Be3 {[%emt 0:00:32]} Rb1 {[%emt 0:00:40]} 99. Bc1 {[%emt 0:00:16]} Kf6 {[%emt 0:01:28]} 100. Rd1 {[%emt 0:00:07]} Bc2 {[%emt 0:00:14]} 101. Bg5+ {[%emt 0:00:11]} Kg6 {[%emt 0:00:34]} 102. Rd2 {[%emt 0:00:04]} (102. Rxb1 $16 Bxb1 103. Be7) 102... Rb2 {[%emt 0:00:34]} (102... Bf5+ $11 {keeps the balance.} 103. Kf4 e5+ 104. dxe5 (104. Kxe5 Kxg5 105. Kxd5 Bh7 $11) 104... Rb4+ 105. Ke3 Kxg5 106. Rxd5 Rb3+ 107. Kd4 Rd3+ 108. Kc4 Re3) 103. Kf4 {[%emt 0:00:22]} Ra2 {[%emt 0:00:02]} 104. g3 {[%emt 0:01:39]} Bb3 {[%emt 0:00:24]} 105. Rd3 {[%emt 0:00:09]} ({Better is} 105. Rxa2 $16 {Ra6 would kill now.} Bxa2 106. Be7) 105... e5+ $1 $11 {[%emt 0:02:55]} 106. Kxe5 {[%emt 0:03:28]} Bc4 {[%emt 0:00:05]} 107. Rd2 {[%emt 0:00:06]} Ra3 $2 {[%emt 0:00:50][%mdl 8192]} (107... Kxg5 $11 108. f4+ Kg6 109. Rxa2 Bxa2) 108. Kf4 $18 {[%emt 0:00:33]} Rd3 $2 {[%emt 0:01:48]} (108... Kf7 109. Bd8 Ra8) 109. Rxd3 $18 {[%emt 0:00:12]} Bxd3 {[%emt 0:00:01]} 110. g4 {[%emt 0:00:13]} Be2 {[%emt 0:00:16]} 111. Bd8 {[%emt 0:00:07]} Bd1 {[%emt 0:00:07]} 112. Kg3 {[%emt 0:00:06]} Be2 {[%emt 0:00:15]} 113. f4 {[%emt 0:00:04]} Bd1 {[%emt 0:00:16]} 114. f5+ {[%emt 0:00:04]} Kf7 {[%emt 0:00:08]} 115. Kf4 {[%emt 0:00:03]} 1-0

[Event "Chinese League Div-A Final-KO 2023"]
[Site "Xiongan"]
[Date "2023.12.07"]
[Round "6.8"]
[White "Chu, Wei Chao"]
[Black "Ye, Jiangchuan"]
[Result "1/2-1/2"]
[WhiteElo "2415"]
[BlackElo "2603"]
[Annotator "TA"]
[PlyCount "93"]
[EventDate "2023.12.02"]
[EventCountry "CHN"]
[SourceTitle "playchess.com"]
[Source "ChessBase"]
[SourceQuality "1"]

{[%evp 27,93,0,10,0,6,0,12,-16,0,-86,-77,-75,-17,-20,-16,-27,44,44,138,143,100,130,209,208,202,108,131,61,87,0,330,192,716,710,688,517,510,194,318,63,77,40,67,66,90,0,68,0,8,0,0,0,0,-156,0,0,0,0,0,0,0,0,0,0,18,0,0,0]} 1. d4 {[%emt 0:00:02]} Nf6 {[%emt 0:00:11]} 2. c4 {[%emt 0:00:07]} e6 {[%emt 0:00:16]} 3. Nf3 {[%emt 0:00:18]} b6 {[%emt 0:00:22]} 4. a3 {[%emt 0:00:20]} Bb7 {[%emt 0:00:37]} 5. Nc3 {[%emt 0:00:34]} d5 {[%emt 0:05:54]} 6. cxd5 {[%emt 0:01:58]} Nxd5 {[%emt 0:00:09]} 7. e3 {[%emt 0:00:13]} Be7 {[%emt 0:01:20]} 8. Bb5+ {[%emt 0:01:49]} c6 {[%emt 0:00:10]} 9. Bd3 {[%emt 0:00:06]} O-O {[%emt 0:00:15]} 10. O-O {[%emt 0:01:51]} c5 {[%emt 0:01:23]} 11. e4 {[%emt 0:02:35]} Nxc3 {[%emt 0:00:14]} 12. bxc3 {[%emt 0:00:06]} Nd7 {[%emt 0:02:00]} 13. Qe2 {[%emt 0:00:52]} Qc7 {[%emt 0:02:14]} 14. Bb2 {[%emt 0:00:59]} Rac8 {[%emt 0:07:04]} 15. Nd2 {[%emt 0:02:24] E12: Queen's Indian: Unusual White 4th moves, 4 a3, 4 Nc3 Bb7 5 a3 and 4 Nc3 Bb7 .} Rfd8 {[%emt 0:14:14][%cal Od7e5]} 16. f4 {[%emt 0:06:51] [#] Prevents Ne5} b5 $146 {[%emt 0:07:27]} ({Predecessor:} 16... a6 17. f5 cxd4 18. cxd4 e5 19. Rac1 Qb8 20. Rxc8 Rxc8 21. Nc4 Bf6 22. dxe5 Nxe5 23. Nxe5 Bxe5 24. Bxe5 Qxe5 25. Bxa6 Bxa6 26. Qxa6 Qc5+ {½-½ Ralle,P (2319)-Rodriguez Fraga,Y (2442) Champion's League 2019/B2 email [1]}) 17. Kh1 {[%emt 0:15:24]} a6 {[%emt 0:06:48]} 18. c4 {[%emt 0:11:29]} (18. f5 $11) 18... cxd4 {[%emt 0:02:56]} 19. cxb5 {[%emt 0:01:06]} Nc5 {[%emt 0:06:42]} (19... axb5 $17 20. Bxb5 Nc5) 20. bxa6 $11 {[%emt 0:08:05]} Ba8 {[%emt 0:02:24]} 21. Bb5 {[%emt 0:06:55]} Bf8 {[%emt 0:02:42]} (21... Rb8 $11) 22. a4 $14 {[%emt 0:01:27]} f5 {[%emt 0:13:48]} (22... Qb6 $14) 23. exf5 $16 {[%emt 0:04:01]} exf5 {[%emt 0:00:05]} 24. Rac1 {[%emt 0:00:12] Nb3 is the strong threat.} Kh8 {[%emt 0:05:55]} (24... d3 $16 25. Qe3 Qd6) 25. Qh5 $18 {[%emt 0:04:58]} g6 {[%emt 0:04:36] [#]} 26. Qh3 {[%emt 0:00:22]} (26. Qe2 $1 $18 {Nb3 would be deadly.} Qb6 27. Nf3 Bxf3 28. gxf3 (28. Qxf3 Bg7 $16)) 26... Bg7 $16 {[%emt 0:02:57]} 27. Qh4 {[%emt 0:14:25]} ({Better is} 27. Nf3 $16) 27... Qd6 {[%emt 0:01:17]} 28. Nf3 {[%emt 0:06:08]} (28. Qe1 $16) 28... Qd5 $2 {[%emt 0:01:26][%mdl 8192]} (28... Bxf3 $1 $11 {and Black is okay.} 29. Rxf3 Nxa6) 29. Bc4 {[%emt 0:00:47]} (29. Rc4 $142 {aiming for Rxd4.} Qg8 30. Bxd4 (30. Nxd4 Qd5 $16) 30... Rxd4 31. Nxd4) 29... Qe4 {[%emt 0:01:03]} (29... Qc6 30. Bb5 Qf6) 30. Rfe1 $18 {[%emt 0:01:15]} Qc6 {[%emt 0:00:13]} 31. Bf1 {[%emt 0:01:40] And now Ng5 would win.} Bf6 {[%emt 0:02:08]} 32. Ng5 $2 {[%emt 0:03:47]} (32. Nxd4 {[%cal Oe1e7] White threatens Re7! and mate.} Qxg2+ 33. Bxg2 Bxh4 34. Nxf5+ Kg8 35. Nxh4) 32... Qd7 {[%emt 0:00:50] Wards off Re7} (32... h5 {was worth a try.} 33. Nf7+ Kg7 34. Nxd8 Rxd8) 33. Qh3 $2 {[%emt 0:01:10]} ({Less strong is} 33. Bb5 Qg7 $16) (33. Rc4 $18 h5 34. Qg3) 33... Ne4 $14 {[%emt 0:02:14]} 34. Nxe4 {[%emt 0:01:22]} Rxc1 {[%emt 0:00:14]} 35. Rxc1 {[%emt 0:01:02]} Bxe4 {[%emt 0:00:13]} 36. Bb5 {[%emt 0:00:18]} (36. Qb3 $16) 36... Qf7 {[%emt 0:00:48]} (36... Qd6 $11) 37. Bc4 {[%emt 0:00:35]} (37. Qg3 $14) 37... Qd7 $11 {[%emt 0:00:31]} (37... Qc7 {is interesting.} 38. Qe3 dxe3 39. Bxf6+ Qg7) 38. Qb3 {[%emt 0:01:05]} Qd6 {[%emt 0:00:37] Prevents Qb6} 39. Rf1 {[%emt 0:00:26]} Kg7 {[%emt 0:01:53]} 40. Rf2 $2 {[%emt 0:00:29] [#]} (40. Bd3 $11) 40... Qc7 $2 {[%emt 0:01:42]} (40... d3 $1 $17 {[%cal Rd3d2] Hoping for ...d2.} 41. Rf1 Kh6 42. Bxf6 Qxf6) 41. h3 {[%emt 0:02:41] The position is equal.} h5 {[%emt 0:07:01]} 42. Bb5 {[%emt 0:07:09]} h4 {[%emt 0:02:03]} 43. Rf1 {[%emt 0:00:20]} Qa5 {[%emt 0:03:04] Threatens to win with ...Qd2.} 44. Rd1 {[%emt 0:01:14] Repels Qd2} Qc7 {[%emt 0:02:58]} 45. Rf1 {[%emt 0:03:08]} Qa5 {[%emt 0:00:24] Strongly threatening ...Qd2.} 46. Rd1 {[%emt 0:01:53] Dodges Qd2} (46. Qd1 $5) 46... Qc7 {[%emt 0:00:10]} 47. Rf1 {[%emt 0:00:38] Blacks defense is rewarded with a draw.   Weighted Error Value: White=0.59/Black=0.38} 1/2-1/2